Hindi words - Statistics

General Stats
  • This quiz has been taken 47 times
  • The average score is 15 of 22
Answer Stats
Hint Answer % Correct
yes हॉ
84%
your तेरा
81%
me मुझे
81%
no नहीं
81%
sun सूरज
77%
what क्या
77%
when कब
77%
girl लड़की
77%
dog कुत्ता
77%
cat बिल्ली
74%
why क्यों
74%
sad दुखद
68%
word शब्द
68%
happy खुश
68%
optimistic आशावादी
65%
how कैसे
65%
rain बारिश
61%
song गाना
58%
music संगीत
58%
smart बुद्धिमान
52%
him वह
42%
boy लड़का
42%
No matching quizzes found
Score Distribution
Percent of People with Each Score
Percentile by Number Answered
Your Score History
You have not taken this quiz